000 00644nam a2200229Ia 4500
003 OSt
005 20221005083240.0
006 a|||||r|||| 00| 0
007 ta
008 221004b |||||||| |||| 00| 0 eng d
024 _a90448
037 _cTextual
040 _aCRL
_cCRL
_beng
041 _2eng
_aeng
082 _aT4.2'N82t, M3
245 0 _aReport of the committee to enquire into the working of the Central Universities
260 _aNew Delhi
_bUniversity Grants Commission India
_c1983
500 _aDSK Collection
650 _aEDUCATION
942 _hT4.2'N82t, M3
_cTEXL
_2cc
999 _c990527
_d990527